000 00969nam a2200253 a 4500
001 000043398
005 20201002040858.0
008 140312s1998 dr 000 0 spa d
040 _aDO-SdBNP
_bspa
_cBNPHU
082 _a345.729305
_bC352j
100 1 _aCastillo Pantaleón, Juan Miguel
_954034
245 1 3 _aEl juzgado de instrucción /
_cJuan Miguel Castillo Pantaleón ; prólogo Américo Moreta Castillo.
260 _aSanto Domingo :
_bFundación Institucionalidad y Justicia,
_c1998.
300 _a196 p. ;
_c26 cm.
490 1 _aManuales
504 _aIncluye bibliografía y notas al pie de páginas.
590 _aInventariado,2018/DG
650 4 _aProcedimiento penal
_zRepública Dominicana
_914474
650 4 _aFunción judicial
_zRepública Dominicana
_971058
650 4 _aAdministración de justicia penal
_915988
700 1 _aMoreta Castillo, Américo,
_epról.
_910057
830 0 _aManuales
_935652
910 _aValidado. Control de calidad EMS
999 _c42887
_d42887